000 01227nam a22003497a 4500
003 CHAP
005 20220329135154.0
008 971013s1981 r 00010 d
010 _a32101
011 _a33073
035 _a37188
040 _cCHAP
090 _aTesis
100 0 0 _aMartínez Saucedo, Alejandro.
_972519
245 _aEvaluación del escarificado de semilla de Atriplex canescens Toor, sembrado en forma directa en diferentes fechas de siembra, Marín, N.L.
260 _aMarín, N.L. :
_bEl autor,
_c1981
300 _a47 h
502 _aTesis (Ing. Agrónomo Zootecnista) -- Univ. Autónoma de Nuevo León. Fac. de Agronomía
590 _aALEPH
_b10
_c20130110
_lUCH01
_h1255
590 _aBATCH-UPD
_b10
_c20130110
_lUCH01
_h0140
590 _aBATCH-UPD
_b10
_c20130110
_lUCH01
_h1753
590 _aBATCH-UPD
_b10
_c20130410
_lUCH01
_h1131
590 _aBATCH-UPD
_b10
_c20130914
_lUCH01
_h0425
590 _aBATCH-UPD
_b10
_c20130914
_lUCH01
_h2014
590 _aCONVERSION
_b10
_c20130109
_lUCH01
_h1318
650 1 4 _aAtriplex canescens.
_98274
650 1 4 _aEscarificación.
_937470
650 1 4 _aSemillas
_xLetargo.
_9103909
901 _aBK
942 _cTESIS
949 _bBC
_cTES
_d-85252
_eTS1
_i37188
_si
999 _c32101
_d32101